00340nam a2200133 a 45000010010000000030011000100080041000210350026000620820016000881000021001042450026001252600037001516500018001880000-8831ELIB.Books110520 1963  a(ELIB.Books)0000-8977 a226.6 bFil aFilson, Floyd V. aThree Crucial Decades bRichmond: John Knox Press c1963 aNew Testament